¿Equidad? el problema de la equidad financiera en salud (Registro nro. 34027)

Detalles MARC
000 -ENCABEZADO
Número de control [NR] 01508nam a2200277Ia 4500
008 - DE LONGITUD FIJA DE DATOS DE ELEMENTOS - INFORMACIÓN GENERAL
Elementos de longitud fija [NR] 130821s2001 ck gr spa
020 ## - NUMERO INTERNACIONAL NORMALIZADO PARA LIBROS [R]
Número Internacional Normalizado del libro [NR] 9589262082
040 ## - FUENTE DE CATALOGACION [NR]
Agencia de catalogación original [NR] Co-BoUCM
Idioma de catalogación [NR] spa
041 00 - CODIGO DE IDIOMA [R]
Código de idioma para texto/pista de sonido o título separado [R] Español
111 2# - ASIENTO PRINCIPAL--NOMBRE DE REUNION [NR]
Nombre de reunión o de jurisdicción como elemento de entrada [NR] Seminario internacional el derecho a la salud y la equidad en los servicios de salud (
Fecha de la reunión [NR] 2001 : abr. 27-28
Lugar de la reunión [NR] Bogotá)
9 (RLIN) 158658
245 12 - MENCION DE TITULO [NR]
Título [NR] ¿Equidad? el problema de la equidad financiera en salud
Mención de responsabilidad, etc. [NR] Plataforma Interamericana de Derechos Humanos, Democracia y Desarrollo.
246 13 - FORMA VARIANTE DEL TITULO [R]
Título propiamente dicho/forma breve del título [NR] Memorias del seminario internacional el derecho a la salud y la equidad en los servicios de salud
260 ## - PUBLICACION, DISTRIBUCION, ETC. (PIE DE IMPRENTA) [R]
Lugar de publicación, distribución, etc. [R] Bogotá (Colombia)
Nombre del editor, distribuidor, etc. [R] Plataforma Interamericana de Derechos Humanos, Democracia y Desarrollo
Fecha de publicación, distribución, etc. [R] 2001
300 ## - DESCRIPCION FISICA [R]
Extensión [R] 228 páginas
650 04 - ASIENTO SECUNDARIO DE MATERIA - TERMINO TEMATICO [R]
Término temático o nombre geográfico como elemento de entrada [NR] Administración de salud
9 (RLIN) 26445
650 04 - ASIENTO SECUNDARIO DE MATERIA - TERMINO TEMATICO [R]
Término temático o nombre geográfico como elemento de entrada [NR] Administración de servicios de salud
Subdivisión geográfica [R] Colombia
Subdivisión de forma [R] Congresos, conferencias, etc.
9 (RLIN) 8579
650 04 - ASIENTO SECUNDARIO DE MATERIA - TERMINO TEMATICO [R]
Término temático o nombre geográfico como elemento de entrada [NR] Bienestar social
9 (RLIN) 10081
650 04 - ASIENTO SECUNDARIO DE MATERIA - TERMINO TEMATICO [R]
Término temático o nombre geográfico como elemento de entrada [NR] Derecho a la salud
Subdivisión geográfica [R] colombia
Subdivisión de forma [R] Congresos, conferencias, etc.
9 (RLIN) 158659
650 04 - ASIENTO SECUNDARIO DE MATERIA - TERMINO TEMATICO [R]
Término temático o nombre geográfico como elemento de entrada [NR] Salud pública
9 (RLIN) 8073
650 04 - ASIENTO SECUNDARIO DE MATERIA - TERMINO TEMATICO [R]
Término temático o nombre geográfico como elemento de entrada [NR] Salud pública
Subdivisión general [R] Aspectos socioeconómicos
Subdivisión geográfica [R] Colombia
Subdivisión de forma [R] Congresos, conferencias, etc.
9 (RLIN) 8073
650 04 - ASIENTO SECUNDARIO DE MATERIA - TERMINO TEMATICO [R]
Término temático o nombre geográfico como elemento de entrada [NR] Salud
Subdivisión general [R] Finanzas
Subdivisión geográfica [R] Colombia
Subdivisión de forma [R] Congresos, conferencias, etc.
9 (RLIN) 23914
710 2# - ASIENTO SECUNDARIO - NOMBRE CORPORATIVO [R]
Nombre corporativo o de jurisdicción como elemento de entrada [NR] Observatorio Universitario de Política Social y Calidad de Vida
9 (RLIN) 158660
710 2# - ASIENTO SECUNDARIO - NOMBRE CORPORATIVO [R]
Nombre corporativo o de jurisdicción como elemento de entrada [NR] Plataforma Interamericana de Derechos Humanos, Democracia y Desarrollo
9 (RLIN) 158661
942 ## - ELEMENTOS DE ENTRADA AGREGADOS (KOHA)
Tipo de ítem principal el descrito en 300a Libro
Sistema de clasificación DEWEY
Tema principal Ciencias de la salud
Edición 1
Clasificación 362.1042
Parte restante de la signatura top. S471
Existencias
Fecha de último préstamo Total préstamos Signatura topográfica Código de barras Última vez visto Ejemplar Price effective from Tipo de ítem Perdido Sistema de clasificación Dañado No prestable Tipo de ítem específico Suprimido Ubicación habitual Ubicación actual Localización Fecha de creación Forma de adquisición Costo
08/09/2010 1 362.1042 S471 100062027 09/12/2025 Ej.1 03/02/2013 Libro   DEWEY     Libro   Claustro Claustro 2do piso 28/02/2003 Donación 10000.00